| 000 | 00583nam a22001817a 4500 | ||
|---|---|---|---|
| 005 | 20241212172121.0 | ||
| 010 | _aENG-142997 | ||
| 020 |
_a9789385839023 _c795.00 |
||
| 035 | _aEN-126529 | ||
| 037 | _bDBAD | ||
| 082 | _a308.891411 | ||
| 245 |
_aEthnography in Northeast India & its Surrounding/ _cEdited by H. Sudhir |
||
| 260 |
_aGuwahati _bDVS Publishers _c2016 |
||
| 270 |
_aH.B. Road Panbazar _bGuwahati _e781001 _k2638295 _l0361-2511789 _mdvspub@gmail.com |
||
| 300 |
_a280p. _c22cm(Hb) |
||
| 700 |
_aSudhir, H. _975115 |
||
| 942 |
_2ddc _cEN _mETH _h308.891411 |
||
| 999 |
_c207663 _d207663 |
||